A literatura de massa como iniciacao a leitura adolescente (Record no. 61646)
[ view plain ]
| 000 -CABECERA | |
|---|---|
| campo de control de longitud fija | 00591nam a2200193 a 4500 |
| 005 - FECHA Y HORA DE LA ÚLTIMA TRANSACCIÓN | |
| campo de control | 20210219152821.0 |
| 008 - ELEMENTOS DE LONGITUD FIJA--INFORMACIÓN GENERAL | |
| campo de control de longitud fija | 991125n 000 0 por u |
| 035 ## - NÚMERO DE CONTROL DEL SISTEMA | |
| Número de control de sistema | UPN01000062311 |
| 100 1# - ASIENTO PRINCIPAL--NOMBRE PERSONAL | |
| Nombre de persona | MAFRA, Núbio Delanne Ferraz |
| 222 ## - TÍTULO CLAVE | |
| Título clave | CONTEXTO & EDUCACAO : REVISTA DE EDUCAON EN AMERICA LATINA Y EL CARIBE |
| 245 ## - MENCIÓN DE TÍTULO | |
| Título | A literatura de massa como iniciacao a leitura adolescente |
| 300 ## - DESCRIPCIÓN FÍSICA | |
| Extensión | 76-93 |
| 362 0# - FECHAS DE PUBLICACIÓN Y/O DESIGNACIÓN SECUENCIAL | |
| Fecha de publicación y/o designación secuencial | 1997 No. 6, jul."11 (45)" |
| 653 0# - TERMINO DE INDIZACION - NO CONTROLADO | |
| Término no controlado | ADOLESCENTES |
| 653 0# - TERMINO DE INDIZACION - NO CONTROLADO | |
| Término no controlado | HABITOS DE LECTURA |
| 653 0# - TERMINO DE INDIZACION - NO CONTROLADO | |
| Término no controlado | LITERATURA DE MASAS |
| 904 ## - ELEMENTOS DE DATOS D LOCAL, LDD (RLIN) | |
| a | AC |
| b | 000122 |
| 905 ## - TIPO DE MATERIAL | |
| Tipo de material | Articulo |
No items available.
